| 000 | 01018cam a2200229 4500 | ||
|---|---|---|---|
| 001 | L128475 | ||
| 008 | 050110n2005 000 0 eng u | ||
| 020 | _a1842192132 | ||
| 035 | _a(Sirsi) u128475 | ||
| 041 | _aeng | ||
| 050 |
_a336.39 _c18 |
||
| 100 | _aEaton, David | ||
| 110 |
_aRoyal Institution of Chartered Surveyors _bPublic Affairs _94679 |
||
| 245 |
_aQuantifying quality _ba report on PFI and the delivery of public services |
||
| 260 |
_aLondon _bRICS _c2005 |
||
| 300 | _a81p. | ||
| 520 | _aThis report on PFI and the delivery of public services suggests that government should pay back costs incurred by firms short listed for PFI contracts. The high costs of bidding for PFI deals acts as a barrier to many, particularly smaller firms, which means that the client and the public are not getting best value from the full market of ideas. A rebate would encourage more companies to put themselves forward. | ||
| 590 | _aIKA290405 | ||
| 650 | _aPFI | ||
| 690 |
_aProcurement _96260 |
||
| 942 | _n0 | ||
| 999 |
_c103918 _d103918 |
||